The golden lady, (Record no. 18280)

MARC details
000 -LEADER
fixed length control field 00548cam a22002051 4500
001 - CONTROL NUMBER
control field ca 36001426
003 - CONTROL NUMBER IDENTIFIER
control field DLC
005 - DATE AND TIME OF LATEST TRANSACTION
control field 20260227111143.0
008 - FIXED-LENGTH DATA ELEMENTS--GENERAL INFORMATION
fixed length control field 780529s1934 cau 000 0 eng
010 ## - LIBRARY OF CONGRESS CONTROL NUMBER
LC control number ca 36001426
035 ## - SYSTEM CONTROL NUMBER
System control number (OCoLC)3935483
040 ## - CATALOGING SOURCE
Original cataloging agency DLC
Transcribing agency TNJ
Modifying agency DLC
042 ## - AUTHENTICATION CODE
Authentication code premarc
050 00 - LIBRARY OF CONGRESS CALL NUMBER
Classification number PS3511.R4375
Item number G6 1934
082 ## - DEWEY DECIMAL CLASSIFICATION NUMBER
Classification number 812.5
100 1# - MAIN ENTRY--PERSONAL NAME
Personal name Freeman, Lea.
245 14 - TITLE STATEMENT
Title The golden lady,
Remainder of title a play in one act,
Statement of responsibility, etc. by Lea Freeman.
260 ## - PUBLICATION, DISTRIBUTION, ETC.
Place of publication, distribution, etc. [Hollywod, Calif.]
Name of publisher, distributor, etc. Green jade book shop
Date of publication, distribution, etc. [c1934]
300 ## - PHYSICAL DESCRIPTION
Extent 16 p.
Dimensions 19 cm.

No items available.

Powered by Koha